000 00357nam a2200121Ia 4500
008 240731s9999 xx 000 0 und d
022 _a2572-5084
245 0 _aJournal of International Maritime Safety, Environmental Affairs, and Shipping
260 _bTaylor & Francis
856 _uhttps://www.tandfonline.com/loi/tsea20
942 _2ddc
942 _cTFEJ
999 _c77877
_d77877
945 _a1
_bMadushi Gamage
_c1
_dMadushi Gamage